FC Bayern Spieler neu - Statistiken

Allgemein
  • Dieses Quiz wurde 672 mal gespielt
  • Das Durchschnittsergebnis liegt bei 10 aus 12
Answers on the Grid
Answers color-coded by a green-red scale on the quiz's grid according to % correct below.
Michael Olise
Dante
Messi
Leandon Donovan
Nils Petersen
Kevin Prince Boateng
Marco Reus
Sandro Wagner
Thomas Müller
Mario Götze
Douglas Luiz
Robert Lewandowski
Serge Gnabry
Olivier Giroud
Christian Früchtl
Waldemar Anton
Florian Wirtz
Emre Can
Antonio Rüdiger
Timo Werner
Lothar Matthäus
 
Antwortstatistiken
Antwort % Korrekt
Robert Lewandowski
89%
Serge Gnabry
89%
Michael Olise
88%
Thomas Müller
88%
Mario Götze
86%
Dante
83%
Lothar Matthäus
83%
Sandro Wagner
81%
Christian Früchtl
74%
Emre Can
68%
Nils Petersen
68%
Leandon Donovan
58%
Keine übereinstimmenden Quizze gefunden
Verteilung der Resultate
Anzahl Personen mit jedem Resultat
Perzentil nach korrekt beantworteten Fragen
Ihre Resultats-Entwicklung
Sie haben dieses Quiz noch nicht gespielt